000 00575nam a2200181 i 4500
001 86398
003 ES-MaACL
005 20230906175435.0
007 t|
008 041210s1972 sp ||||1| spa d
100 1 _aKarol, K. S.
_967574
245 1 4 _aLos guerrilleros en el poder
_b: itinirario político de la revolución cubana /
_cK.S. Karol ; [traducción de Jordi Marfá].
250 _a[1ª ed.].
260 _aBarcelona :
_bSeix Barral,
_c[1972]
300 _a658 p., 12 lám. ;
_c20 cm.
700 1 _aMarfà, Jordi.
_976598
852 _aES-MaACL
_jC-43554
_bR.82681
999 _c86398
_d86398